00000000nam##2200000za#4500
0019.578748
003CaOODSP
00520210624190231
007cr |||||||||||
008150406|2010||||xxc|||||o    f|0| 0 eng|d
040 |aCaOODSP|beng
043 |an-cn---
0861 |aFs3-5/2010-07E-PDF
1101 |aCanada. |bDepartment of Fisheries and Oceans.
24510|aSensitivity of the Georges Bank yellowtail flounder stock assessment to alternative estimates of discard mortality including gear dependent sensitivity / |h[electronic resource]|c[by] Adam Barkley, Christopher M. Legault, Larry Alade, and Steven X. Cadrin.
260 |aOttawa - Ontario : |bFisheries and Oceans Canada
300 |a19p.|bgraphs, references, tables
4901 |aTransboundary Resource Assessment Committee reference document|v2010/07
546 |a(Résumé en français)
590 |a14-12-Supp|b2014-05-30
830#0|aTransboundary Resource Assessment Committee reference document ;|v2010/07|w(CaOODSP)9.507742
85640|ahttp://publications.gc.ca|qPDF|s682 KB|uhttps://publications.gc.ca/collections/collection_2014/mpo-dfo/Fs3-5-2010-07-eng.pdf|y2010/07